[Event "Natal Potiguar 3rd op"]
[Site "Natal"]
[Date "2008.07.04"]
[Round "3.5"]
[White "Rodrigues, Flavio Leite"]
[Black "Torres, Douglas da Silva"]
[Result "0-1"]
[WhiteElo "1894"]
[BlackElo "2084"]
[PlyCount "68"]
[EventDate "2008.07.03"]
[EventType "swiss"]
[EventRounds "7"]
[EventCountry "BRA"]
[SourceTitle "EXT 2022"]
[Source "ChessBase"]
[SourceDate "2021.10.06"]
[SourceVersion "1"]
[SourceVersionDate "2021.10.06"]
[SourceQuality "1"]

1. Nf3 Nf6 2. c4 g6 3. Nc3 Bg7 4. g3 0-0 5. Bg2 d6 6. 0-0 e5 7. d3 Nc6 8. Rb1 Re8 9. Nd2 Bg4 10. h3 Bf5 11. b4 Qc8 12. Kh2 h5 13. Nde4 Nxe4 14. Nxe4 Nd4 15. a4 Bxe4 16. Bxe4 c6 17. b5 f5 18. Bg2 Qd7 19. e3 Ne6 20. bxc6 bxc6 21. Ba3 Nc5 22. Qc2 Rab8 23. Rfd1 Ne6 24. Bb4 d5 25. cxd5 cxd5 26. Qa2 Red8 27. Rdc1 e4 28. dxe4 dxe4 29. Bf1 Kh7 30. Bc4 Ng5 31. Be2 f4 32. g4 f3 33. Rd1 Qc7+ 34. Bd6 Rxd6 0-1